| 000 | 00904nam a22002777a 4500 | ||
|---|---|---|---|
| 001 | 7964 | ||
| 003 | BD-DhEWU | ||
| 005 | 20160325121857.0 | ||
| 008 | 160325s2010 bg g b 001 0 ben d | ||
| 020 | _a9780907546405 | ||
| 040 |
_aBD-DhEWU _bben _cBD-DhEWU _dBD-DhEWU |
||
| 041 | _aben | ||
| 082 | 0 | 4 |
_a954.92051 _bMOB 2010 |
| 100 |
_aMotin, Abdul. _920149 |
||
| 245 |
_aস্বাধীনতা সংগ্রামে প্রবাসী বাঙালী / _cআব্দুল মতিন. |
||
| 246 | _aShadinota songram a probashi banglali | ||
| 250 | _a3rd ed. | ||
| 260 |
_aDhaka : _bRadical Asia Publications, _c2010. |
||
| 300 |
_a256 p. ; _c22 cm. |
||
| 504 | _aIncludes bibliographical references and index | ||
| 520 | _aArt, Culture and History. | ||
| 526 | _aLibrary | ||
| 590 | _aSagar Shahanawaz | ||
| 650 |
_aLiberation war _zBangladesh. _920136 |
||
| 942 |
_2ddc _cTEXT |
||
| 999 |
_c7964 _d7964 |
||